<?xml version="1.0" encoding="UTF-8"?>
<record
    xmlns:xsi="http://www.w3.org/2001/XMLSchema-instance"
    xsi:schemaLocation="http://www.loc.gov/MARC21/slim http://www.loc.gov/standards/marcxml/schema/MARC21slim.xsd"
    xmlns="http://www.loc.gov/MARC21/slim">

  <leader>02487nam a22002657a 4500</leader>
  <controlfield tag="003">Uzh_bibl</controlfield>
  <controlfield tag="008">260428b        |||||||| |||| 00| 0 ukr d</controlfield>
  <datafield tag="020" ind1=" " ind2=" ">
    <subfield code="a">978-966-8659-69-0</subfield>
    <subfield code="c">80.00</subfield>
  </datafield>
  <datafield tag="040" ind1=" " ind2=" ">
    <subfield code="b">&#x443;&#x43A;&#x440;.</subfield>
  </datafield>
  <datafield tag="041" ind1=" " ind2=" ">
    <subfield code="2">ukr</subfield>
    <subfield code="a">ukr</subfield>
  </datafield>
  <datafield tag="080" ind1=" " ind2=" ">
    <subfield code="a">821(477)</subfield>
  </datafield>
  <datafield tag="090" ind1=" " ind2=" ">
    <subfield code="a">821(477)</subfield>
    <subfield code="b">&#x41A; 59</subfield>
  </datafield>
  <datafield tag="100" ind1=" " ind2=" ">
    <subfield code="a">&#x41A;&#x43E;&#x43A;&#x43E;&#x442;&#x44E;&#x445;&#x430; ,&#x410;&#x43D;&#x434;&#x440;&#x456;&#x439;</subfield>
  </datafield>
  <datafield tag="245" ind1=" " ind2=" ">
    <subfield code="a">&#x41F;&#x43E;&#x432;&#x43D;&#x438;&#x439; &#x43C;&#x456;&#x441;&#x44F;&#x446;&#x44C;</subfield>
    <subfield code="h">&#x422;&#x435;&#x43A;&#x441;&#x442;</subfield>
  </datafield>
  <datafield tag="260" ind1=" " ind2=" ">
    <subfield code="a">&#x41A;&#x438;&#x457;&#x432;</subfield>
    <subfield code="b">&#x41D;&#x43E;&#x440;&#x430;-&#x414;&#x440;&#x443;&#x43A;</subfield>
    <subfield code="c">2015</subfield>
  </datafield>
  <datafield tag="300" ind1=" " ind2=" ">
    <subfield code="a">368 &#x441;.</subfield>
    <subfield code="f">&#x412; &#x43E;&#x43F;&#x440;.</subfield>
  </datafield>
  <datafield tag="490" ind1=" " ind2=" ">
    <subfield code="a">&#x421;&#x435;&#x440;&#x456;&#x44F; "&#x41C;&#x43E;&#x440;&#x43E;&#x43A;"</subfield>
    <subfield code="v">2-&#x435; &#x432;&#x438;&#x434;.</subfield>
  </datafield>
  <datafield tag="520" ind1=" " ind2=" ">
    <subfield code="a">&#x41E;&#x441;i&#x43D;&#x44C; 1944 &#x440;&#x43E;&#x43A;&#x443;. &#x41F;&#x43E;&#x434;i&#x43B;&#x43B;&#x44F;. &#x41B;i&#x43D;i&#x44F; &#x444;&#x440;&#x43E;&#x43D;&#x442;&#x443; &#x432;&#x436;&#x435; &#x434;&#x430;&#x43B;&#x435;&#x43A;&#x43E;, &#x430;&#x43B;&#x435; &#x441;&#x43F;&#x43E;&#x43A;&#x43E;&#x44E; &#x432; &#x442;&#x438;&#x43B;&#x443; &#x43D;&#x435;&#x43C;&#x430;&#x454;. &#x423; &#x441;&#x435;&#x43B;&#x438;&#x449;i &#x421;&#x430;&#x442;&#x430;&#x43D;&#x456;&#x432; &#x441;&#x442;&#x440;&#x430;&#x445; &#x43F;&#x435;&#x440;&#x435;&#x434; &#x433;&#x435;&#x441;&#x442;&#x430;&#x43F;&#x43E; &#x437;&#x43C;i&#x43D;&#x438;&#x432;&#x441;&#x44F; &#x431;&#x43E;&#x44F;&#x437;&#x43D;&#x44E; &#x43A;&#x430;&#x440;&#x430;&#x43B;&#x44C;&#x43D;&#x438;&#x445; &#x43E;&#x43F;&#x435;&#x440;&#x430;&#x446;i&#x439; &#x41D;&#x41A;&#x412;&#x421;, &#x43C;&#x430;&#x43B;&#x43E; &#x442;&#x43E;&#x433;&#x43E;, &#x43E;&#x43A;&#x440;&#x443;&#x433;&#x443; &#x442;&#x435;&#x440;&#x43E;&#x440;&#x438;&#x437;&#x443;&#x44E;&#x442;&#x44C; &#x43E;&#x437;&#x431;&#x440;&#x43E;&#x454;&#x43D;i &#x434;&#x43E; &#x437;&#x443;&#x431;i&#x432; &#x431;&#x430;&#x43D;&#x434;&#x438; &#x43A;&#x440;&#x438;&#x43C;i&#x43D;&#x430;&#x43B;&#x44C;&#x43D;&#x438;&#x43A;i&#x432; &#x442;&#x430; &#x434;&#x435;&#x437;&#x435;&#x440;&#x442;&#x438;&#x440;i&#x432;, &#x430;&#x43B;&#x435; &#x439; &#x446;&#x435; &#x449;&#x435; &#x43D;&#x435; &#x432;&#x441;&#x435;: &#x43A;i&#x43B;&#x44C;&#x43A;&#x430; &#x43C;i&#x441;&#x44F;&#x446;i&#x432; &#x443; &#x43E;&#x43A;&#x43E;&#x43B;&#x438;&#x446;&#x44F;&#x445; &#x43D;&#x430; &#x443;&#x437;&#x43B;i&#x441;&#x441;i &#x437;&#x43D;&#x430;&#x445;&#x43E;&#x434;&#x44F;&#x442;&#x44C; &#x442;i&#x43B;&#x430; &#x43B;&#x44E;&#x434;&#x435;&#x439;, &#x437;&#x430;&#x433;&#x440;&#x438;&#x437;&#x435;&#x43D;&#x438;&#x445; &#x434;&#x438;&#x43A;&#x438;&#x43C;&#x438; &#x442;&#x432;&#x430;&#x440;&#x438;&#x43D;&#x430;&#x43C;&#x438;. &#x41B;&#x44E;&#x434;&#x438; &#x43A;&#x430;&#x436;&#x443;&#x442;&#x44C;, &#x437;&#x430;&#x432;i&#x432;&#x441;&#x44F; &#x432; &#x442;&#x443;&#x442;&#x435;&#x448;&#x43D;&#x44C;&#x43E;&#x43C;&#x443; &#x43B;i&#x441;i &#x432;&#x43E;&#x432;&#x43A;&#x443;&#x43B;&#x430;&#x43A;&#x430;&#x2026;&lt;br/&gt;&#x420;&#x43E;&#x437;&#x433;&#x430;&#x434;&#x430;&#x442;&#x438; &#x442;&#x430;&#x454;&#x43C;&#x43D;&#x438;&#x446;&#x44E; &#x441;&#x430;&#x442;&#x430;&#x43D;&#x456;&#x432;&#x441;&#x44C;&#x43A;&#x43E;&#x433;&#x43E; &#x43B;i&#x441;&#x443; &#x431;&#x435;&#x440;&#x435;&#x442;&#x44C;&#x441;&#x44F; &#x431;&#x43E;&#x439;&#x43E;&#x432;&#x438;&#x439; &#x43E;&#x444;i&#x446;&#x435;&#x440;, &#x444;&#x440;&#x43E;&#x43D;&#x442;&#x43E;&#x432;&#x438;&#x43A; &#x410;&#x43D;&#x434;&#x440;i&#x439; &#x41B;&#x435;&#x432;&#x447;&#x435;&#x43D;&#x43A;&#x43E;. &#x420;&#x430;&#x437;&#x43E;&#x43C; i&#x437; &#x43D;&#x438;&#x43C; &#x443; &#x43D;&#x435;&#x431;&#x435;&#x437;&#x43F;&#x435;&#x447;&#x43D;i&#x439; &#x433;&#x440;i &#x454; &#x432;&#x442;&#x456;&#x43A;&#x430;&#x447; &#x456;&#x437; &#x441;&#x442;&#x430;&#x43B;&#x456;&#x43D;&#x441;&#x44C;&#x43A;&#x43E;&#x433;&#x43E; &#x442;&#x430;&#x431;&#x43E;&#x440;&#x443; I&#x433;&#x43E;&#x440; &#x412;&#x43E;&#x432;&#x43A;, &#x436;&#x43E;&#x440;&#x441;&#x442;&#x43E;&#x43A;&#x438;&#x439; &#x43A;&#x430;&#x43F;i&#x442;&#x430;&#x43D; &#x41D;&#x41A;&#x412;&#x421; &#x421;&#x43E;&#x43C;&#x43E;&#x432;, &#x434;&#x435;&#x437;&#x435;&#x440;&#x442;&#x438;&#x440; &#x416;&#x43E;&#x440;&#x430; &#x422;&#x435;&#x43F;&#x43B;&#x438;&#x439; &#x442;&#x430; &#x43F;&#x43E;&#x432;&#x441;&#x442;&#x430;&#x43D;&#x441;&#x44C;&#x43A;&#x438;&#x439; &#x441;&#x43E;&#x442;&#x43D;&#x438;&#x43A; &#x413;&#x440;i&#x43C;. &#x407;&#x445;&#x43D;i &#x434;&#x43E;&#x43B;i &#x441;&#x43F;&#x43B;&#x435;&#x43B;&#x438;&#x441;&#x44F; &#x432; &#x442;&#x443;&#x433;&#x438;&#x439; &#x432;&#x443;&#x437;&#x43E;&#x43B;, &#x43A;&#x43E;&#x436;&#x435;&#x43D; &#x43C;&#x430;&#x454; &#x441;&#x432;i&#x439; &#x441;&#x435;&#x43A;&#x440;&#x435;&#x442;. &#x41A;&#x43E;&#x43C;&#x443; &#x437; &#x43D;&#x438;&#x445; &#x432;&#x434;&#x430;&#x441;&#x442;&#x44C;&#x441;&#x44F; &#x432;&#x438;&#x441;&#x442;&#x43E;&#x44F;&#x442;&#x438; &#x432; &#x434;&#x432;&#x43E;&#x431;&#x43E;&#x457; &#x437; &#x43F;&#x435;&#x440;&#x435;&#x432;&#x435;&#x440;&#x442;&#x43D;&#x435;&#x43C;?&lt;br/&gt;&#x414;&#x435;&#x442;&#x435;&#x43A;&#x442;&#x438;&#x432;&#x43D;&#x438;&#x439; &#x442;&#x440;&#x438;&#x43B;&#x435;&#x440;, &#x432;&#x438;&#x43A;&#x43E;&#x43D;&#x430;&#x43D;&#x438;&#x439; &#x443; &#x43F;&#x43E;&#x43F;&#x443;&#x43B;&#x44F;&#x440;&#x43D;&#x43E;&#x43C;&#x443; &#x441;&#x442;&#x438;&#x43B;i &#x440;&#x435;&#x442;&#x440;&#x43E;-&#x440;&#x43E;&#x43C;&#x430;&#x43D;&#x443;, &#x449;&#x43E; &#x437;&#x430;&#x445;&#x43E;&#x43F;&#x43B;&#x44E;&#x454; &#x437; &#x43F;&#x435;&#x440;&#x448;&#x438;&#x445; &#x441;&#x442;&#x43E;&#x440;i&#x43D;&#x43E;&#x43A;. &#x410; &#x444;i&#x43D;&#x430;&#x43B; &#x43E;&#x431;i&#x446;&#x44F;&#x454; &#x43D;&#x435;&#x441;&#x43F;&#x43E;&#x434;i&#x432;&#x430;&#x43D;&#x43A;&#x438;, &#x44F;&#x43A;&#x438;&#x445; &#x43D;&#x435; &#x447;&#x435;&#x43A;&#x430;&#x432;, &#x437;&#x430; &#x439;&#x43E;&#x433;&#x43E; &#x437;i&#x437;&#x43D;&#x430;&#x43D;&#x43D;&#x44F;&#x43C;, &#x441;&#x430;&#x43C; &#x430;&#x432;&#x442;&#x43E;&#x440;.</subfield>
  </datafield>
  <datafield tag="521" ind1=" " ind2=" ">
    <subfield code="a">&#x414;&#x43B;&#x44F; &#x448;&#x438;&#x440;&#x43E;&#x43A;&#x43E;&#x433;&#x43E; &#x43A;&#x43E;&#x43B;&#x430; &#x447;&#x438;&#x442;&#x430;&#x447;&#x456;&#x432;</subfield>
  </datafield>
  <datafield tag="546" ind1=" " ind2=" ">
    <subfield code="a">&#x443;&#x43A;&#x440;.</subfield>
  </datafield>
  <datafield tag="650" ind1=" " ind2=" ">
    <subfield code="a">&#x41B;&#x456;&#x442;&#x435;&#x440;&#x430;&#x442;&#x443;&#x440;&#x43D;&#x43E; - &#x445;&#x443;&#x434;&#x43E;&#x436;&#x43D;&#x454; &#x432;&#x438;&#x434;&#x430;&#x43D;&#x43D;&#x44F;</subfield>
  </datafield>
  <datafield tag="653" ind1=" " ind2=" ">
    <subfield code="a">&#x41A;&#x456;&#x43D;&#x435;&#x446;&#x44C; &#x432;&#x456;&#x439;&#x43D;&#x438;</subfield>
    <subfield code="a">&#x412;&#x431;&#x438;&#x432;&#x441;&#x442;&#x432;&#x43E;</subfield>
    <subfield code="a">&#x420;&#x43E;&#x437;&#x441;&#x43B;&#x456;&#x434;&#x443;&#x432;&#x430;&#x43D;&#x43D;&#x44F;</subfield>
  </datafield>
  <datafield tag="655" ind1=" " ind2=" ">
    <subfield code="a">&#x414;&#x435;&#x442;&#x435;&#x43A;&#x442;&#x438;&#x432;</subfield>
    <subfield code="v">&#x420;&#x43E;&#x43C;&#x430;&#x43D;</subfield>
  </datafield>
  <datafield tag="942" ind1=" " ind2=" ">
    <subfield code="2">udc</subfield>
    <subfield code="c">BK</subfield>
  </datafield>
  <datafield tag="999" ind1=" " ind2=" ">
    <subfield code="c">17541</subfield>
    <subfield code="d">17541</subfield>
  </datafield>
  <datafield tag="952" ind1=" " ind2=" ">
    <subfield code="0">0</subfield>
    <subfield code="1">0</subfield>
    <subfield code="2">udc</subfield>
    <subfield code="4">0</subfield>
    <subfield code="7">0</subfield>
    <subfield code="a">F5</subfield>
    <subfield code="b">F5</subfield>
    <subfield code="c">ABP</subfield>
    <subfield code="d">2026-04-28</subfield>
    <subfield code="i">67825</subfield>
    <subfield code="l">0</subfield>
    <subfield code="o">821(477)</subfield>
    <subfield code="p">4161</subfield>
    <subfield code="r">2026-04-28</subfield>
    <subfield code="w">2026-04-28</subfield>
    <subfield code="y">BK</subfield>
  </datafield>
</record>
